Video Spiele anhand von Steam Rezensionen erraten - Statistiken

Allgemein
  • Dieses Quiz wurde 292 mal gespielt
  • Das Durchschnittsergebnis liegt bei 7 aus 15
Antwortstatistiken
Rezension Spiel % Korrekt
Katze. (2022) Stray
73%
Sus, aber was ist das eigentlich? (2018) Among us
71%
Spiel ist Baba aber vallah Hai hat mies Agressionsprobleme. (2022) Raft
52%
Ohne Erweiterungspacks oder Mods hat das Spiel kaum was zu bieten. Dass man für jeden ♥♥♥♥♥♥♥ 20 - 40€ extra zahlen soll ist die absolute Frechheit, diese Praxis gehört verboten. Ich wünschte mir, ich hätte EA weiterhin boykottiert. (2014) Sims 4
51%
Bin schon im titelscreen gestorben. 11/10. (2022) Elden Ring
49%
Suche meinen Sohn!Wer ihn gesehen hat bitte zum Strand bringen. Habe dort eine Burg aus Holz gebaut. Mit freundlichen Grüßen PS: Wer mehr als 2 Arme oder Beine hat wird nicht reingelassen. (2018) The Forest
48%
Ich gebe 9 3/4 von 10 für dieses Spiel. Man kann jede Katze im Spiel kraulen! (2023) Hogwarts Legacy
47%
die große vampir frau mit großen boobs ist echt heiß. (2021) Resident Evil Village
46%
Jede Runde als Surv unter UVP an den Killer verkauft werden und danach seinen Frust als Killer an Unschuldigen auslassen.10/10 Ofenkäse. (2016) Dead by Daylight
44%
Wurde alleine im Raum gelassen... Tür war zu, kleines Kind rennt auf mich zu. Hab mich 5 Minuten mit nem Kreuz in die Ecke gesetzt und geweint. 10/10 kann ich nur Empfehlen das Spiel. (2020) Phasmophobia
43%
Habe eine Leichenverbrennungsanlage neben einer grundschule gebaut....... 11/10. (2015) Cities: Skylines
36%
Hab seit Release das Haus nicht mehr verlassen. Muss jetzt vom Hausarzt her Thrombosestrümpfe tragen. Meine Roten Blutkörperchen ruckeln durch die Blutbahn wie das Game im Akt 3. Das wars wert. 10/10 (2023) Baldur's Gate 3
35%
Einer meiner Anhänger wollte Kot naschen. 10/10. (2022) Cult of the lamb
32%
mein stammbaum ist ein kreis. (2020) Crusader Kings III
16%
Das Spiel macht alles möglich, was man im echten Leben nicht haben kann. Stabiles Einkommen, freundliche Nachbarn, eine Hochzeit und ein liebendes Haustier. (2016) Stardew Valley
16%
Keine übereinstimmenden Quizze gefunden
Verteilung der Resultate
Anzahl Personen mit jedem Resultat
Perzentil nach korrekt beantworteten Fragen
Ihre Resultats-Entwicklung
Sie haben dieses Quiz noch nicht gespielt